Развитие криолитозоны Евразии в верхнем кайнозое: [сборник статей]

Bibliografiske detaljer
Institution som forfatter: Академия наук СССР (АН СССР) Сибирское отделение (СО) Институт мерзлотоведения (ИМЗ)
Andre forfattere: Попов А. И. Александр Иосифович (редактор)
Sprog:russisk
Udgivet: Москва, Наука, 1985
Fag:
Format: MixedMaterials Bog
KOHA link:https://koha.lib.tpu.ru/cgi-bin/koha/opac-detail.pl?biblionumber=286719

MARC

LEADER 00000nam0a2200000 4500
001 286719
005 20231101235923.0
020 |a RU  |b 85-65732 
035 |a (RuTPU)RU\TPU\book\311053 
090 |a 286719 
100 |a 20150310d1985 k y0rusy5003 ca 
101 0 |a rus 
102 |a RU 
105 |a a z 001zy 
200 1 |a Развитие криолитозоны Евразии в верхнем кайнозое  |e [сборник статей]  |f Академия наук СССР (АН СССР), Сибирское отделение (СО), Институт мерзлотоведения (ИМЗ) ; отв. ред. А. И. Попов 
210 |a Москва  |c Наука  |d 1985 
215 |a 159 с.  |c ил.  |d 24 см 
320 |a Библиография в конце статей 
606 1 |a Криолитозоны  |2 stltpush  |3 (RuTPU)RU\TPU\subj\16287  |9 42418 
610 1 |a Евразия 
610 1 |a палеогеография 
610 1 |a оледенение 
610 1 |a кайнозой 
675 |a 551.345  |z rus  |v 4 
702 1 |a Попов  |b А. И.  |g Александр Иосифович  |4 340 
712 0 2 |a Академия наук СССР (АН СССР)  |b Сибирское отделение (СО)  |b Институт мерзлотоведения (ИМЗ)  |c (Якутск)  |2 stltpush  |3 (RuTPU)RU\TPU\col\12256 
801 0 |a RU  |b RuMRKP  |c 19950704  |g psbo 
801 1 |a RU  |b 63413507  |c 20150310 
801 2 |a RU  |b 63413507  |c 20180117  |g RCR 
942 |c BK